[Event "Hillerod Byturnering Basis 4 2013"]
[Site "Hillerod"]
[Date "2013.06.11"]
[Round "1"]
[White "Hansen, Hardy"]
[Black "Schjolin, John"]
[Result "1-0"]
[WhiteElo "1315"]
[BlackElo "1000"]
[PlyCount "77"]
[EventDate "2013.??.??"]

1. d4 d5 2. Bf4 f6 3. Nf3 Nc6 4. c3 e6 5. e3 Bd6 6. g3 e5 7. dxe5 fxe5 8. Bg5
Qd7 9. e4 dxe4 10. Nfd2 Qf5 11. h4 Bd7 12. Nc4 Be7 13. Bh3 Qf7 14. Qxd7+ Kf8
15. Be6 Rd8 16. Bxf7 Rxd7 17. Be6 Rd8 18. Nbd2 Bxg5 19. hxg5 h6 20. Nxe4 Nge7
21. gxh6 gxh6 22. Ng5 Re8 23. Bd7 Rb8 24. Ne6+ Kf7 25. O-O-O Ng6 26. Nxc7 Rbd8
27. Be6+ Ke7 28. Bf5 Kf6 29. g4 Nge7 30. Be4 Rxd1+ 31. Kxd1 Kg5 32. f3 Rg8 33.
Kc2 Nd8 34. Nxe5 b6 35. Rh5+ Kf4 36. Nd3+ Kg3 37. Rxh6 Rf8 38. Rh7 Nf7 39. Ne6
1-0

[Event "Hillerod Byturnering Basis 4 2013"]
[Site "Hillerod"]
[Date "2013.04.30"]
[Round "1"]
[White "Jensen, Torben Brieghel"]
[Black "Feldung, Arne"]
[Result "1-0"]
[WhiteElo "1370"]
[BlackElo "1110"]
[PlyCount "102"]
[EventDate "2013.??.??"]

1. e4 c6 2. d4 d5 3. Nc3 dxe4 4. Nxe4 Bf5 5. Ng3 Bg6 6. h4 h6 7. Nf3 Nd7 8. h5
Bh7 9. Bd3 Bxd3 10. Qxd3 e6 11. Bd2 Ngf6 12. O-O-O Nd5 13. Ne5 Nxe5 14. dxe5
Nb4 15. Qxd8+ Rxd8 16. Kb1 Bc5 17. Ne4 Na6 18. a3 O-O 19. g4 Rd5 20. b4 Rxe5
21. Nxc5 Nxc5 22. bxc5 Rxc5 23. Bb4 Rc4 24. Bxf8 Kxf8 25. f3 Rc3 26. Rd3 Rxd3
27. cxd3 Ke7 28. d4 Kd6 29. Kc2 Kd5 30. Kc3 b5 31. Rd1 a5 32. Kb3 a4+ 33. Kb4
f6 34. Kc3 Kd6 35. Kb4 Kd5 36. Rc1 Kd6 37. Rc5 e5 38. dxe5+ fxe5 39. Rc1 Kd5
40. Rd1+ Ke6 41. Kc5 Kf6 42. Rd6+ Kg5 43. Kxc6 b4 44. axb4 a3 45. Rd3 a2 46.
Ra3 Kf4 47. b5 a1=Q 48. Rxa1 Kxf3 49. b6 e4 50. b7 Kxg4 51. b8=Q Kxh5 1-0

[Event "Hillerod Byturnering Basis 4 2013"]
[Site "Hillerod"]
[Date "2013.04.30"]
[Round "1"]
[White "Kristensen, Steffen Michael"]
[Black "Larsen, Daniel"]
[Result "0-1"]
[WhiteElo "1327"]
[BlackElo "1189"]
[PlyCount "22"]
[EventDate "2013.??.??"]

1. Nf3 d5 2. d4 g6 3. Bf4 Bg7 4. e3 Nf6 5. c4 Na6 6. cxd5 Qxd5 7. Nc3 Qa5 8.
Qa4+ Qxa4 9. Nxa4 Nb4 10. Kd2 Ne4+ 11. Ke2 b6 0-1

[Event "Hillerod Byturnering Basis 4 2013"]
[Site "Hillerod"]
[Date "2013.04.30"]
[Round "1"]
[White "Lund, Henriette"]
[Black "Holm, Erik"]
[Result "0-1"]
[WhiteElo "1059"]
[BlackElo "1266"]
[PlyCount "68"]
[EventDate "2013.??.??"]

1. d4 d5 2. c4 Nf6 3. Nc3 e6 4. Nf3 Be7 5. e3 O-O 6. Bd3 h6 7. b3 c5 8. Bb2 Nc6
9. Ne2 Re8 10. O-O Bf8 11. Bc2 b6 12. Nf4 Ba6 13. Ne5 Qc7 14. Re1 Rad8 15. a3
dxc4 16. Nxc4 cxd4 17. Nd3 dxe3 18. Rxe3 Nd4 19. Rg3 Bxc4 20. bxc4 Qxc4 21. Rc1
Qd5 22. Ra1 e5 23. Nb4 Qc4 24. Bd3 Qe6 25. Bxd4 Rxd4 26. Qc2 Rc8 27. Qe2 Rcd8
28. Rc1 Bxb4 29. axb4 Nd5 30. Rb1 Nf4 31. Qg4 Qxg4 32. Rxg4 Rxd3 33. g3 Rd1+
34. Rxd1 Rxd1# 0-1

[Event "Hillerod Byturnering Basis 4 2013"]
[Site "Hillerod"]
[Date "2013.04.30"]
[Round "1"]
[White "Pedersen, Jan (1958)"]
[Black "Lang, Daniel"]
[Result "1-0"]
[WhiteElo "1319"]
[BlackElo "1121"]
[PlyCount "35"]
[EventDate "2013.??.??"]

1. d4 Nf6 2. c4 e5 3. d5 Bc5 4. Nc3 a6 5. h3 d6 6. e4 O-O 7. Nf3 c6 8. Bd3 Bd7
9. Bg5 b5 10. b3 Ba7 11. O-O b4 12. Ne2 Qc8 13. Bxf6 Bxh3 14. gxh3 Qxh3 15. Nh2
gxf6 16. Ng3 Qxg3+ 17. Kh1 Kh8 18. fxg3 1-0

[Event "Hillerod Byturnering Basis 4 2013"]
[Site "Hillerod"]
[Date "2013.05.07"]
[Round "2"]
[White "Feldung, Arne"]
[Black "Hansen, Hardy"]
[Result "0-1"]
[WhiteElo "1110"]
[BlackElo "1315"]
[PlyCount "92"]
[EventDate "2013.??.??"]

1. d4 d5 2. c4 Nf6 3. Nc3 c6 4. Nf3 h6 5. g3 Bf5 6. Bg2 e6 7. h3 Na6 8. O-O Bd6
9. Ne5 O-O 10. Re1 Nb4 11. e4 Bh7 12. Nd3 e5 13. dxe5 Nxd3 14. Qxd3 Bxe5 15.
Be3 d4 16. f4 dxe3 17. Qxd8 Rfxd8 18. fxe5 Nd7 19. Rxe3 Nxe5 20. Rd1 Nxc4 21.
Red3 Re8 22. b3 Nb2 23. Rd7 Nxd1 24. Rxd1 Re7 25. Re1 Re5 26. Kf2 g5 27. g4 Rd8
28. Ke3 Rc5 29. Na4 Rc2 30. Re2 Rc1 31. Rd2 Rxd2 32. Kxd2 Rg1 33. Bf3 Rg3 34.
Ke3 Rxh3 35. Nc5 b6 36. e5 h5 37. Nd7 Bg6 38. Nf6+ Kf8 39. gxh5 Bb1 40. Kf2
Bxa2 41. Kg2 Rh4 42. Ng4 Bxb3 43. Kg3 Bd5 44. h6 Bxf3 45. Kxf3 a5 46. Ne3 Rxh6
0-1

[Event "Hillerod Byturnering Basis 4 2013"]
[Site "Hillerod"]
[Date "2013.05.07"]
[Round "2"]
[White "Holm, Erik"]
[Black "Pedersen, Jan (1958)"]
[Result "1-0"]
[WhiteElo "1266"]
[BlackElo "1319"]
[PlyCount "28"]
[EventDate "2013.??.??"]

1. e4 e5 2. Nf3 Nc6 3. Bb5 a6 4. Ba4 b5 5. Bb3 Be7 6. O-O d6 7. h3 Na5 8. c3
Nxb3 9. Qxb3 Be6 10. Qc2 Nf6 11. d4 exd4 12. cxd4 Qd7 13. Ng5 O-O 14. e5 Nd5
1-0

[Event "Hillerod Byturnering Basis 4 2013"]
[Site "Hillerod"]
[Date "2013.05.07"]
[Round "2"]
[White "Lang, Daniel"]
[Black "Lund, Henriette"]
[Result "1-0"]
[WhiteElo "1121"]
[BlackElo "1059"]
[PlyCount "87"]
[EventDate "2013.??.??"]

1. d4 e6 2. c4 c5 3. Nf3 Nf6 4. Nc3 a6 5. Bf4 Nc6 6. e3 Qa5 7. Bd3 cxd4 8. exd4
Nh5 9. Bd2 Qd8 10. O-O Nf6 11. a3 Be7 12. Re1 b5 13. cxb5 axb5 14. Nxb5 O-O 15.
Qc2 Bb7 16. b4 Rc8 17. Qb2 Rb8 18. Bf4 d6 19. Nc3 Nh5 20. Bd2 d5 21. Nd1 Bd6
22. b5 Ne7 23. Ne3 Bc7 24. a4 Ba5 25. Ng4 Ra8 26. Nfe5 f6 27. Nf3 Bc8 28. Bxa5
Rxa5 29. b6 Qd7 30. Bb5 Nc6 31. Qd2 Rxb5 32. axb5 Ne7 33. g3 Bb7 34. Qb2 f5 35.
Nge5 Qe8 36. Rec1 f4 37. Rc7 Bc8 38. Ra8 fxg3 39. hxg3 Nf6 40. b7 Qh5 41.
bxc8=Q Nxc8 42. Rcxc8 Ne8 43. Qb3 h6 44. b6 1-0

[Event "Hillerod Byturnering Basis 4 2013"]
[Site "Hillerod"]
[Date "2013.05.07"]
[Round "2"]
[White "Larsen, Daniel"]
[Black "Jensen, Torben Brieghel"]
[Result "1-0"]
[WhiteElo "1189"]
[BlackElo "1370"]
[PlyCount "75"]
[EventDate "2013.??.??"]

1. d4 Nf6 2. c4 g6 3. Nc3 Bg7 4. e3 O-O 5. Nf3 d6 6. Bd3 Nbd7 7. Qc2 c5 8. O-O
cxd4 9. exd4 Nh5 10. h3 f5 11. Re1 e5 12. dxe5 dxe5 13. b4 e4 14. Bxe4 fxe4 15.
Ng5 Re8 16. Rxe4 Ndf6 17. Qb3 Kf8 18. c5 Re7 19. g4 h6 20. Ne6+ Bxe6 21. Rxe6
Ne4 22. Rxe4 Rxe4 23. Nxe4 Bxa1 24. Bxh6+ Ke7 25. gxh5 Qg8 26. Bg5+ Kd7 27.
Qd1+ Kc6 28. Qxa1 gxh5 29. Qf6+ Kb5 30. Nc3+ Kc4 31. Kf1 Kxb4 32. Qd4+ Qc4+ 33.
Qxc4+ Kxc4 34. Ne4 Kb5 35. f4 Rf8 36. c6 Rb8 37. c7 Rc8 38. Bd8 1-0

[Event "Hillerod Byturnering Basis 4 2013"]
[Site "Hillerod"]
[Date "2013.05.07"]
[Round "2"]
[White "Schjolin, John"]
[Black "Kristensen, Steffen Michael"]
[Result "0-1"]
[WhiteElo "1000"]
[BlackElo "1327"]
[PlyCount "58"]
[EventDate "2013.??.??"]

1. d4 f5 2. c4 Nf6 3. e3 e6 4. Nf3 Be7 5. Bd3 O-O 6. h3 Bb4+ 7. Bd2 Bxd2+ 8.
Nbxd2 d5 9. c5 Ne4 10. O-O Nc6 11. Ne5 Nxe5 12. dxe5 Qh4 13. Nf3 Qh5 14. Rc1 c6
15. Be2 Qh6 16. a3 f4 17. Qd3 Rf5 18. Nd4 Rxe5 19. Nf3 Rf5 20. Nd4 Rf6 21. Bg4
e5 22. f3 Ng3 23. Rfe1 exd4 24. exd4 Bxg4 25. fxg4 Re6 26. Kf2 Ne4+ 27. Kf3 Qh4
28. Kxf4 Rf8+ 29. Ke3 Qf2# 0-1

[Event "Hillerod Byturnering Basis 4 2013"]
[Site "Hillerod"]
[Date "2013.05.14"]
[Round "3"]
[White "Holm, Erik"]
[Black "Larsen, Daniel"]
[Result "1-0"]
[WhiteElo "1266"]
[BlackElo "1189"]
[PlyCount "58"]
[EventDate "2013.??.??"]

1. e4 e5 2. Nf3 Nf6 3. Nc3 d6 4. Bc4 c6 5. d4 Qb6 6. dxe5 Ng4 7. O-O Nxe5 8.
Nxe5 dxe5 9. Qh5 Qc7 10. Be3 g6 11. Qf3 Bg7 12. Rad1 O-O 13. Rd2 b5 14. Bb3 Ba6
15. Rfd1 c5 16. Nd5 Qd6 17. a3 Bb7 18. Bg5 Bxd5 19. Bxd5 Nc6 20. Bxf7+ Rxf7 21.
Qxf7+ Kxf7 22. Rxd6 Nd4 23. c3 Ne2+ 24. Kf1 Nf4 25. Bxf4 exf4 26. Rd7+ Kf6 27.
Rb7 a6 28. Rdd7 Rg8 29. Rf7+ Ke5 1-0

[Event "Hillerod Byturnering Basis 4 2013"]
[Site "Hillerod"]
[Date "2013.05.14"]
[Round "3"]
[White "Jensen, Torben Brieghel"]
[Black "Hansen, Hardy"]
[Result "1-0"]
[WhiteElo "1370"]
[BlackElo "1315"]
[PlyCount "121"]
[EventDate "2013.??.??"]

1. e4 c5 2. Nf3 e6 3. d4 cxd4 4. Nxd4 e5 5. Nb5 a6 6. Nd6+ Bxd6 7. Qxd6 Nc6 8.
Nc3 Qf6 9. Qa3 Nd4 10. Bd3 Ne7 11. Nd5 Nxd5 12. exd5 d6 13. c3 Nf5 14. Bxf5
Bxf5 15. c4 O-O 16. Qg3 Rfd8 17. Bg5 Qg6 18. Bxd8 Qxg3 19. hxg3 Rxd8 20. O-O-O
Rc8 21. b3 b5 22. Kb2 bxc4 23. Rc1 Bd3 24. bxc4 f5 25. Rc3 Bxc4 26. Rd1 Rb8+
27. Ka3 Bb5 28. Rdc1 Kf7 29. Rh1 h6 30. Rhc1 e4 31. Rc8 Rb6 32. R1c7+ Kf6 33.
Rf8+ Ke5 34. Rxg7 Kxd5 35. Rxf5+ Kd4 36. Rh7 d5 37. Rh5 Bc4 38. R5xh6 Rb1 39.
Rh1 Rb5 40. Rd1+ Kc3 41. Rc1+ Kd2 42. Rhh1 Ra5+ 43. Kb4 Rxa2 44. Rhe1 a5+ 45.
Kc5 Bb3 46. Ra1 Rc2+ 47. Kd4 Rc4+ 48. Ke5 a4 49. g4 Rc3 50. g5 a3 51. g6 Rc7
52. Re3 Bc4 53. Rexa3 Ke2 54. f4 e3 55. Kd4 Re7 56. f5 Kf2 57. f6 Re4+ 58. Kc5
e2 59. f7 Rf4 60. Rf3+ Rxf3 61. gxf3 1-0

[Event "Hillerod Byturnering Basis 4 2013"]
[Site "Hillerod"]
[Date "2013.05.14"]
[Round "3"]
[White "Kristensen, Steffen Michael"]
[Black "Pedersen, Jan (1958)"]
[Result "1/2-1/2"]
[WhiteElo "1327"]
[BlackElo "1319"]
[PlyCount "51"]
[EventDate "2013.??.??"]

1. c4 d6 2. d4 Nf6 3. Nc3 g6 4. g3 Bg7 5. Bg2 c5 6. Nf3 O-O 7. O-O cxd4 8. Nxd4
Na6 9. Ndb5 Nc5 10. b4 Ne6 11. Rb1 a6 12. Na3 Rb8 13. Ne4 b6 14. b5 a5 15. Nc2
Nxe4 16. Bxe4 Nc5 17. Bc6 Qc7 18. Bb2 Bb7 19. Bxg7 Kxg7 20. Bxb7 Qxb7 21. Nd4
Qe4 22. Nc6 Rb7 23. Qd4+ Qxd4 24. Nxd4 Ne4 25. Rfc1 Rc7 26. Nc6 1/2-1/2

[Event "Hillerod Byturnering Basis 4 2013"]
[Site "Hillerod"]
[Date "2013.05.14"]
[Round "3"]
[White "Schjolin, John"]
[Black "Lang, Daniel"]
[Result "0-1"]
[WhiteElo "1000"]
[BlackElo "1121"]
[PlyCount "52"]
[EventDate "2013.??.??"]

1. e4 c5 2. c4 d6 3. Nc3 Nf6 4. d3 Nc6 5. Nf3 g6 6. Be3 Bg7 7. h3 O-O 8. Be2
Bd7 9. O-O a6 10. a3 Qc7 11. Qd2 e6 12. b4 cxb4 13. axb4 Nxb4 14. Bd1 Nc6 15.
Bh6 Rfb8 16. Re1 e5 17. Nh4 Nd4 18. Ne2 Qb6 19. Bxg7 Kxg7 20. Nxd4 Qxd4 21. Bf3
b5 22. Qe3 Qxe3 23. fxe3 b4 24. Bd1 b3 25. Nf3 b2 26. Nd2 bxa1=Q 0-1

[Event "Hillerod Byturnering Basis 4 2013"]
[Site "Hillerod"]
[Date "2013.05.21"]
[Round "4"]
[White "Feldung, Arne"]
[Black "Kristensen, Steffen Michael"]
[Result "0-1"]
[WhiteElo "1110"]
[BlackElo "1327"]
[PlyCount "48"]
[EventDate "2013.??.??"]

1. d4 f5 2. c4 Nf6 3. Nc3 e6 4. g3 Be7 5. Nf3 O-O 6. Bg2 Nc6 7. h3 b6 8. O-O
Bb7 9. Re1 d5 10. Ne5 Nxe5 11. dxe5 Ne4 12. Nxe4 fxe4 13. cxd5 exd5 14. f3 Bc5+
15. e3 Qg5 16. Kh2 exf3 17. Bxf3 Qxe5 18. Rb1 Qf5 19. Kg2 Qxb1 20. Bxd5+ Bxd5+
21. Qxd5+ Kh8 22. Qb3 Qe4+ 23. Kg1 Rf3 24. Rf1 Rxg3+ 0-1

[Event "Hillerod Byturnering Basis 4 2013"]
[Site "Hillerod"]
[Date "2013.05.21"]
[Round "4"]
[White "Jensen, Torben Brieghel"]
[Black "Holm, Erik"]
[Result "1-0"]
[WhiteElo "1370"]
[BlackElo "1266"]
[PlyCount "87"]
[EventDate "2013.??.??"]

1. e4 e5 2. Nf3 Nc6 3. Bb5 a6 4. Bxc6 dxc6 5. O-O Bd6 6. d4 Qf6 7. Bg5 Qe6 8.
dxe5 Be7 9. Qd2 h6 10. Bxe7 Nxe7 11. Nc3 Ng6 12. Rad1 O-O 13. Qd4 b6 14. b3 Bb7
15. Qd7 Qxd7 16. Rxd7 Rac8 17. Rfd1 Rfe8 18. h3 Nxe5 19. Nxe5 Rxe5 20. Rd8+ Re8
21. Rxc8 Bxc8 22. f4 f6 23. e5 fxe5 24. fxe5 Be6 25. g4 Kf7 26. Kf2 b5 27. a3
a5 28. Kg3 b4 29. axb4 axb4 30. Na4 Bd5 31. Re1 Kg6 32. Nc5 Kf7 33. Na6 Re7 34.
Nxb4 Ke6 35. c4 Bxc4 36. bxc4 Kd7 37. Rd1+ Ke6 38. Nxc6 Re8 39. Kf4 g5+ 40. Ke4
Rf8 41. Nd4+ Kf7 42. Rf1+ Kg8 43. Rxf8+ Kxf8 44. Nf5 1-0

[Event "Hillerod Byturnering Basis 4 2013"]
[Site "Hillerod"]
[Date "2013.05.21"]
[Round "4"]
[White "Lang, Daniel"]
[Black "Larsen, Daniel"]
[Result "0-1"]
[WhiteElo "1121"]
[BlackElo "1189"]
[PlyCount "72"]
[EventDate "2013.??.??"]

1. d4 d5 2. e4 dxe4 3. Nc3 Nf6 4. f3 exf3 5. Qxf3 e6 6. Be3 Bb4 7. Bc4 Nc6 8.
Nge2 Na5 9. Bd3 Nd5 10. O-O O-O 11. Nxd5 exd5 12. Rf2 Be6 13. Raf1 Qh4 14. Nf4
Bd6 15. g3 Qe7 16. Nxd5 Bxd5 17. Qxd5 Qxe3 18. Qxa5 Qxd4 19. b3 Bc5 20. Qxc7
Qd5 21. Bc4 Bxf2+ 22. Rxf2 Rac8 23. Qxc8 Qd1+ 24. Rf1 Qxf1+ 25. Kxf1 Rxc8 26.
Ke2 b5 27. Bd3 b4 28. Ke3 g6 29. Kd4 f5 30. Ba6 Rxc2 31. Kd3 Rxa2 32. Bc4+ Kg7
33. h4 a5 34. Kd4 a4 35. Kc5 axb3 36. Bxb3 Rg2 0-1

[Event "Hillerod Byturnering Basis 4 2013"]
[Site "Hillerod"]
[Date "2013.05.21"]
[Round "4"]
[White "Pedersen, Jan (1958)"]
[Black "Hansen, Hardy"]
[Result "1-0"]
[WhiteElo "1319"]
[BlackElo "1315"]
[PlyCount "79"]
[EventDate "2013.??.??"]

1. d4 d5 2. c4 Nf6 3. Nc3 c6 4. cxd5 cxd5 5. e3 a6 6. Be2 g6 7. Nf3 Bg7 8. O-O
O-O 9. a3 Nc6 10. Qc2 Bf5 11. Bd3 e6 12. Bxf5 gxf5 13. h3 Rc8 14. Ne5 Ne7 15.
f4 Ng6 16. Qf2 b5 17. Bd2 Ne4 18. Nxe4 dxe4 19. Bc3 Ne7 20. Kh2 f6 21. Qg3 fxe5
22. d5 Ng6 23. dxe6 Re8 24. fxe5 Nh4 25. Rf4 Ng6 26. Rxf5 Rxe6 27. Raf1 Kh8 28.
Rf6 Rcc6 29. Qg5 Qb8 30. Kh1 Qe8 31. Rf7 Qg8 32. Rd7 h6 33. Qg4 Rxc3 34. Rff7
Rc1+ 35. Kh2 Bxe5+ 36. g3 Rc2+ 37. Kh1 Rc1+ 38. Kh2 Qc8 39. Rh7+ Kg8 40. Qxe6+
1-0

[Event "Hillerod Byturnering Basis 4 2013"]
[Site "Hillerod"]
[Date "2013.06.04"]
[Round "4"]
[White "Lund, Henriette"]
[Black "Schjolin, John"]
[Result "0-1"]
[WhiteElo "1059"]
[BlackElo "1000"]
[PlyCount "60"]
[EventDate "2013.??.??"]

1. e4 e5 2. Nf3 Nf6 3. d3 d6 4. c4 Nc6 5. h3 Nd4 6. Nbd2 c5 7. b3 Be7 8. Bb2
O-O 9. g4 h6 10. Bg2 Be6 11. Bxd4 exd4 12. g5 hxg5 13. Nxg5 Bd7 14. h4 Ng4 15.
Ndf3 Ne5 16. O-O Nxf3+ 17. Qxf3 Bxg5 18. hxg5 Qxg5 19. Qg3 Qh6 20. f3 f5 21. f4
Bc6 22. Kf2 fxe4 23. dxe4 Rxf4+ 24. Ke2 Raf8 25. Rxf4 Rxf4 26. Rf1 Qh5+ 27. Bf3
Rxe4+ 28. Kf2 Qf5 29. Kg2 Rg4 30. Bxc6 Rxg3+ 0-1

[Event "Hillerod Byturnering Basis 4 2013"]
[Site "Hillerod"]
[Date "2013.05.28"]
[Round "5"]
[White "Feldung, Arne"]
[Black "Schjolin, John"]
[Result "0-1"]
[WhiteElo "1110"]
[BlackElo "1000"]
[PlyCount "54"]
[EventDate "2013.??.??"]

1. d4 d5 2. c4 e6 3. Nc3 dxc4 4. e3 b5 5. a4 b4 6. Nb1 Ba6 7. g3 Nf6 8. Bg2
Nbd7 9. Bxa8 Qxa8 10. Nf3 Bb7 11. Nbd2 a5 12. O-O c3 13. bxc3 bxc3 14. Qc2 Bb4
15. Ne1 cxd2 16. Bxd2 Be4 17. Nd3 O-O 18. Bxb4 axb4 19. f3 Bxf3 20. Ne1 Be4 21.
Qxc7 Rc8 22. Qf4 b3 23. Ra3 Rb8 24. Nf3 Bd3 25. Rd1 Bc2 26. Rc1 b2 27. Rxc2
b1=Q+ 0-1

[Event "Hillerod Byturnering Basis 4 2013"]
[Site "Hillerod"]
[Date "2013.05.28"]
[Round "5"]
[White "Kristensen, Steffen Michael"]
[Black "Holm, Erik"]
[Result "0-1"]
[WhiteElo "1327"]
[BlackElo "1266"]
[PlyCount "20"]
[EventDate "2013.??.??"]

1. b3 e5 2. Bb2 Nc6 3. e4 Nf6 4. Bc4 Bc5 5. Nf3 d6 6. h3 Nxe4 7. O-O O-O 8. d3
Nf6 9. Nc3 a6 10. a4 d5 0-1

[Event "Hillerod Byturnering Basis 4 2013"]
[Site "Hillerod"]
[Date "2013.05.28"]
[Round "5"]
[White "Lang, Daniel"]
[Black "Jensen, Torben Brieghel"]
[Result "0-1"]
[WhiteElo "1121"]
[BlackElo "1370"]
[PlyCount "70"]
[EventDate "2013.??.??"]

1. d4 Nf6 2. Nc3 g6 3. e4 d6 4. Bc4 Bg7 5. f4 O-O 6. Nf3 c5 7. dxc5 dxc5 8. Be3
Qxd1+ 9. Rxd1 b6 10. h3 Bb7 11. e5 Ne4 12. Nxe4 Bxe4 13. O-O Nc6 14. Ng5 Na5
15. Bd5 Bxd5 16. Rxd5 h6 17. Ne4 f6 18. Rd7 fxe5 19. fxe5 Rxf1+ 20. Kxf1 Nc4
21. Bc1 Nxe5 22. Rxe7 Nc6 23. Rc7 Nd4 24. c3 Nf5 25. Bf4 g5 26. Bh2 Rf8 27. Kg1
Ne3 28. Kh1 Nd1 29. b4 Re8 30. Ng3 Re1+ 31. Bg1 Be5 32. Rc8+ Kf7 33. Kh2 h5 34.
bxc5 h4 35. c6 Bxg3+ 0-1

[Event "Hillerod Byturnering Basis 4 2013"]
[Site "Hillerod"]
[Date "2013.05.28"]
[Round "5"]
[White "Larsen, Daniel"]
[Black "Pedersen, Jan (1958)"]
[Result "0-1"]
[WhiteElo "1189"]
[BlackElo "1319"]
[PlyCount "46"]
[EventDate "2013.??.??"]

1. Nc3 Nf6 2. Nf3 d6 3. e4 e5 4. Bc4 Be7 5. O-O O-O 6. d4 exd4 7. Nxd4 Nc6 8.
Nxc6 bxc6 9. Re1 Ng4 10. f4 d5 11. Na4 dxc4 12. e5 Qxd1 13. Rxd1 Bf5 14. c3
Rfd8 15. Rf1 Bc2 16. b3 cxb3 17. axb3 Bxb3 18. h3 Bxa4 19. Rxa4 Bc5+ 20. Kh1
Ne3 21. Rf3 Rd1+ 22. Kh2 Rxc1 23. Ra5 Bb6 0-1

[Event "Hillerod Byturnering Basis 4 2013"]
[Site "Hillerod"]
[Date "2013.06.04"]
[Round "6"]
[White "Feldung, Arne"]
[Black "Lang, Daniel"]
[Result "0-1"]
[WhiteElo "1110"]
[BlackElo "1121"]
[PlyCount "62"]
[EventDate "2013.??.??"]

1. d4 Nf6 2. c4 c5 3. Nf3 b5 4. cxb5 a6 5. Nc3 axb5 6. dxc5 b4 7. Nd5 Nxd5 8.
Qxd5 e6 9. Qxa8 Nc6 10. Be3 Be7 11. g3 O-O 12. Bg2 Qc7 13. Qa4 Bb7 14. O-O Ra8
15. Qc2 Ra5 16. Ng5 Bxg5 17. Bxg5 Nd4 18. Qc4 Bxg2 19. Kxg2 e5 20. e3 Qc6+ 21.
f3 Rxc5 22. Qd3 Rc2+ 23. Rf2 Qxf3+ 24. Kh3 Qxf2 25. exd4 Qxh2+ 26. Kg4 h5+ 27.
Kf5 Qh3+ 28. Kxe5 Qe6+ 29. Kf4 Rf2+ 30. Qf3 Qg4+ 31. Ke3 Qxf3# 0-1

[Event "Hillerod Byturnering Basis 4 2013"]
[Site "Hillerod"]
[Date "2013.06.04"]
[Round "6"]
[White "Hansen, Hardy"]
[Black "Holm, Erik"]
[Result "1-0"]
[WhiteElo "1315"]
[BlackElo "1266"]
[PlyCount "43"]
[EventDate "2013.??.??"]

1. d4 d5 2. Nf3 Nf6 3. h3 e6 4. Bf4 Bd6 5. Ne5 Nh5 6. Bh2 O-O 7. e3 Nf6 8. Nd2
Nbd7 9. c3 c5 10. c4 cxd4 11. exd4 Be7 12. Bd3 Qb6 13. Nb3 Bb4+ 14. Ke2 dxc4
15. Nxc4 Qc6 16. f3 Re8 17. a3 Bf8 18. Rc1 Qd5 19. Ne5 Bd6 20. Bc4 Bxe5 21.
Bxd5 exd5 22. dxe5 1-0

[Event "Hillerod Byturnering Basis 4 2013"]
[Site "Hillerod"]
[Date "2013.06.04"]
[Round "6"]
[White "Pedersen, Jan (1958)"]
[Black "Jensen, Torben Brieghel"]
[Result "1-0"]
[WhiteElo "1319"]
[BlackElo "1370"]
[PlyCount "67"]
[EventDate "2013.??.??"]

1. d4 Nf6 2. c4 g6 3. Nc3 Bg7 4. e4 d6 5. Nf3 O-O 6. Bd3 e5 7. d5 a5 8. O-O Na6
9. Ng5 h6 10. Nf3 Nc5 11. Bc2 Nh5 12. h3 Nf4 13. Ne2 f5 14. exf5 Nxe2+ 15. Qxe2
Bxf5 16. Rb1 Qf6 17. Be3 b6 18. a3 g5 19. b4 axb4 20. axb4 Ra2 21. bxc5 Rxc2
22. Nd2 Rc3 23. cxb6 cxb6 24. Bxb6 Bxb1 25. Rxb1 Rc2 26. Qd3 Ra2 27. f3 Qf5 28.
Ne4 Rb8 29. c5 dxc5 30. Bxc5 Rab2 31. Rxb2 Rxb2 32. Be7 Qf7 33. d6 Qa2 34. d7
1-0